LEADER 02606njm a2200601 a 4500
001 000667677
003 CZ BrMZK
005 20230630070407.0
007 sd fsngnnmmned
008 030425s2003 xr df f cze d
028 0 1 |a AV 021403-2  |b AVIK 
040 |a BOA001  |b cze 
047 |a wz 
047 |a zz 
047 |a df 
048 |a of  |b vu02 
080 |a (086.7)  |2 MRF 
080 |a 785.12  |2 MRF 
110 2 |a Hrádecká kapela  |7 ko2004244928  |4 prf 
245 1 0 |a U Rokycan  |h [zvukový záznam] 
260 |a Plzeň :  |b AVIK,  |c [2003] 
300 |a 1 zvuková deska :  |b digital ;  |c 12 cm +  |e 1 leták (12 x 24 cm) 
500 |a Vydáno také na kazetě s objednacím číslem AV 021403-4 
500 |a Kompaktní deska 
500 |a Nahráno ve studiu Jumbo Tymákov 12. a 13.10.2002 
505 0 0 |t U Rokycan --  |t Neříkej, že máš mne rád --  |t Ale ne --  |t Moje písnička --  |t Křenovský mládenci --  |t Tobě Praho --  |t Kdyby ty muziky nebyly --  |t Cestička od Dubí --  |t Den svatební --  |t Zelená se zelená --  |t Nad Tlumačovem --  |t Já nejsem žárlivá --  |t Věnovaná --  |t Marjánko, pojď se mnou --  |t Jak zamlada --  |t Ještě tu poslední 
511 0 |a Hrádecká kapela 
511 0 |a Zpívají: Iva Mužová, Zdeňka Krauslová, Josef Kabourek ... [et al.] 
650 0 7 |a dechová hudba  |7 ph119353  |2 czenas 
655 4 |a valčíky 
655 4 |a tanga 
655 4 |a polky 
700 1 |a Loukota, Jindřich,  |d 1908-1972  |7 jk01072483  |4 cmp  |4 lyr 
700 1 |a Vejvoda, Jaromír,  |d 1902-1988  |7 jn19990209983  |4 cmp 
700 1 |a Jacura, Ladislav,  |d 1913-2004  |7 jk01050594  |4 lyr 
700 1 |a Vacek, Karel,  |d 1902-1982  |7 jk01140977  |4 cmp  |4 lyr 
700 1 |a Maňas, František,  |d 1921-2004  |7 jn20000620214  |4 cmp 
700 1 |a Žilková, Anna  |7 mzk2009539830  |4 lyr 
700 1 |a Císař, Miroslav,  |d 1929-2014  |7 jn19981000543  |4 cmp 
700 1 |a Dufek, Jaroslav,  |d 1924-2001  |7 jo2005259937  |4 cmp 
700 1 |a Zeman, Vašek,  |d 1909-1987  |7 jx20040920001  |4 lyr 
700 1 |a Maňas, Václav,  |d 1942-  |7 jn20030516001  |4 cmp 
700 1 |a Křivák, Josef  |4 lyr 
700 1 |a Ludvík, Pavel  |4 cmp 
700 1 |a Babula, Václav,  |d 1938-2008  |7 jk01010509  |4 lyr 
700 1 |a Polata, Karel,  |d 1914-1974  |7 mzk2003208745  |4 cmp 
700 1 |a Poncar, Josef,  |d 1902-1986  |7 jn20000620287  |4 cmp 
700 1 |a Žváček, Antonín,  |d 1907-1981  |7 ola200205277  |4 cmp 
700 1 |a Bláha, Zdeněk,  |d 1929-2025  |7 xx0003153  |4 cmp 
700 1 |a Čepelka, Miloň,  |d 1936-  |7 jk01021264  |4 lyr 
910 |a BOA001  |b CD-0011.012 
990 |a AV 
996 6 |b 261H012045  |c CD-0011.012  |l MZK  |r Sklad / do 24 hodin  |n 0  |w 000667677  |u 000010  |a 1  |e BOA001  |j MZK50  |s P